Crucero Cimar 19 fiordos: 4 a 17 de Julio de 2013: informes preliminares Noviembre de 2014
Saved in:
| Institution som forfatter: | |
|---|---|
| Format: | Bog |
| Sprog: | spansk |
| Udgivet: |
Valparaíso
Comité Oceanográfico Nacional
2014
|
| Udgivelse: | 1a. ed |
| Fag: | |
| Tags: |
Tilføj Tag
Ingen Tags, Vær først til at tagge denne postø!
|
MARC
| LEADER | 00000cam a2200000 a 4500 | ||
|---|---|---|---|
| 001 | UCE6491 | ||
| 003 | CL-VaPUC | ||
| 008 | 150416e20140000cl |||||||||||||||||spa|d | ||
| 082 | 0 | 4 | |a 551.46 |b COM |2 21 |
| 110 | 2 | |a Comité Oceanográfico Nacional |e author |9 579170 | |
| 245 | 1 | 0 | |a Crucero Cimar 19 fiordos: 4 a 17 de Julio de 2013: informes preliminares Noviembre de 2014 |
| 250 | |a 1a. ed | ||
| 300 | |a 206 p | ||
| 942 | |c BK | ||
| 945 | |d 20150416 10:41:00 |a arojas | ||
| 260 | |a Valparaíso |b Comité Oceanográfico Nacional |c 2014 | ||
| 650 | 7 | |a FIORDOS |2 CL-VaPUC |9 579171 | |
| 650 | 0 | |a Ecosistemas acuáticos |9 343699 | |
| 650 | 0 | |a Investigación científica |9 259857 | |
| 650 | 7 | |a GEOMORFOLOGIA SUBMARINA |2 CL-VaPUC |9 579172 | |
| 650 | 0 | |a Oceanografía física |9 339696 | |
| 650 | 7 | |a OCEANOGRAFIA QUIMICA |2 CL-VaPUC |9 579173 | |
| 650 | 7 | |a PECES |2 CL-VaPUC |9 579174 | |
| 650 | 0 | |a Sedimentos marinos |9 260001 | |
| 583 | |a last modification |c 20150416 10:41:00 |k Rodrigo Vera | ||
| 999 | |c 358817 |d 358815 | ||
| 952 | |0 0 |1 0 |2 ddc |3 erb |4 0 |6 551_460000000000000_COM_2014 |7 0 |8 A |9 467719 |a BIBCUR |b BIBCUR |i 5145589 |o 551.46 COM 2014 |p 5145589 |r 2025-04-22 |w 2019-11-23 |y BK |z Catalogado en:20150416 |k CIM | ||